000 00247nam a2200109Ia 4500
008 190216s9999||||xx |||||||||||||| ||und||
100 _aMarkan Dev
245 0 _aHindi-Kahani Kunj
260 _bLokh Bharathi Bakson
650 _aHindi
942 _cBK
999 _c15531
_d15531